People on Money - Pre-Euro and other European Currencies - Statistics

General Stats
  • This quiz has been taken 164 times
  • The average score is 14 of 22
Answer Stats
Person(s) Country % Correct
2016- Winston Churchill United Kingdom
99%
1990-2001 Guglielmo Marconi Italy
88%
1992-2001 Christopher Columbus Spain
86%
1991-2001 Wilhelm and Jacob Grimm Germany
85%
1956-1973 Rembrandt van Rijn Netherlands
85%
1997- Peter the Great Russia
83%
1995-2001 Marie and Pierre Curie France
82%
2003- Nikola Tesla Serbia
82%
1995-2002 Vasco da Gama Portugal
79%
1986-2001 Sigmund Freud Austria
77%
2017- Jan III Sobieski Poland
70%
1993-2000 James Joice Ireland
68%
1997-2009 Niels Bohr Denmark
55%
2001-2019 Edvard Munch Norway
53%
1914-1980 William Tell Switzerland
51%
2015- Greta Garbo Sweden
49%
1992-1999 Bela Bartok Hungary
48%
1996-2001 Adolphe Sax Belgium
41%
1980-1986 Jean Sibelius Finland
38%
1985-1993 Bedrich Smetana Czech Republic
31%
1996-2001 Rigas Feraios Greece
27%
1993-2008 Saints Cyril and Methodius Slovakia
14%
No matching quizzes found
Score Distribution
Percent of People with Each Score
Percentile by Number Answered
Your Score History
You have not taken this quiz